[Event "Tournament"]
[Site "masterchessopen.com Riga (Latvia)"]
[Round "0"]
[White "Tal Mikhail N (LAT)"]
[Black "Etruk Rein T (EST)"]
[Result "1-0"]
[WhiteElo "2520"]
[BlackElo "2398"]

1.d4 Nf6 2.c4 e6 3.Nc3 Bb4 4.f3 d5 5.a3 Bxc3+ 6.bxc3 c5 7.cxd5 Nxd5 8.dxc5 Qa5
9.e4 Nxc3 10.Qd2 Nc6 11.Bb2 Na4 12.Qxa5 Nxa5 13.Bxg7 Rg8 14.Be5 Nxc5 15.Rd1
Bd7 16.Nh3 b6 17.Nf4 Ba4 18.Rd4 Nc6 19.Rxa4 Nxe5 20.Rd4 Ke7 21.Be2 Rad8 22.Rd2
Nc6 23.Rb2 Rd4 24.Kf2 f5 25.Bb5 Ne5 26.Ke3 Rgd8 27.Nd5+ R4xd5 28.exd5 f4+
29.Ke2 exd5 30.Kd1 Nc4 31.Bxc4 dxc4+ 32.Rd2 Nd3 33.Kc2 b5 34.Rb1 Rb8 35.Kc3
Kd6 36.Rxb5 Rxb5 37.Kxc4 Kc6 38.Kxd3 Rb3+ 39.Ke4 Rxa3 40.Kxf4 {#r} 1-0

[Event "It (a)"]
[Site "masterchessopen.com Zittau (Germany)"]
[Date "1956.12.30"]
[Round "5"]
[White "Starck Bodo (GER)"]
[Black "Dorawa Bernhard (GER)"]
[Result "0-1"]
[WhiteElo "2248"]
[BlackElo "1982"]

1.d4 e6 2.c4 Nf6 3.Nc3 Bb4 4.a3 Bxc3+ 5.bxc3 c5 6.f3 d5 7.cxd5 Nxd5 8.Bd2 cxd4
9.cxd4 Qh4+ 10.g3 Qxd4 11.e4 Ne3 12.Bxe3 Qxe3+ 13.Be2 Nc6 14.Qd3 Qc5 15.Qc4
Qxc4 16.Bxc4 Nd4 17.Kf2 Bd7 18.Rd1 Nc2 19.Rd3 Rc8 20.Ba2 Bb5 21.Rb3 Nd4 22.Rb2
Rc2+ 23.Rxc2 Nxc2 24.Ne2 Bxe2 25.Rc1 Bd3 26.Rd1 Bb5 27.Rc1 Ba4 28.Bb1 Ke7 {#R}
0-1

[Event "Ch Leningrad"]
[Site "masterchessopen.com Leningrad (Russia)"]
[Round "0"]
[White "Korchnoi Viktor (SUI)"]
[Black "Bykov Valery (RUS)"]
[Result "1-0"]
[WhiteElo "2556"]
[BlackElo "2301"]

1.d4 Nf6 2.c4 e6 3.Nc3 Bb4 4.f3 d5 5.a3 Bxc3+ 6.bxc3 c5 7.cxd5 Nxd5 8.dxc5 Qa5
9.e4 Qxc3+ 10.Bd2 Qe5 11.Ne2 Ne7 12.Bc3 Qxc5 13.Bxg7 Rg8 14.Bd4 Qc7 15.Nc3 a6
16.Na4 Nd7 17.Qd2 Nc6 18.Be3 Qa5 19.Qxa5 Nxa5 20.Nb6 Nxb6 21.Bxb6 Nc6 22.Kf2
Bd7 23.Be2 Rc8 24.Rac1 Ne7 25.Rhd1 Rxc1 26.Rxc1 Nc6 27.e5 Kf8 28.Rd1 Bc8 29.f4
Ne7 30.Bf3 Kg7 31.g4 Re8 32.Bd4 Rh8 33.Bc5 Re8 34.Bxe7 Rxe7 35.Rc1 Re8 36.Rc7
h6 37.h4 b5 38.Ke3 Rd8 39.Bc6 Kf8 40.h5 Kg8 41.g5 hxg5 42.fxg5 Kf8 43.h6 Kg8
44.Ke4 Kf8 45.g6 {#r} 1-0

[Event "Olympiad (students) (team)"]
[Site "masterchessopen.com Reykjavik (Iceland)"]
[Round "0"]
[White "Mititelu Gheorghe (ROM)"]
[Black "Minev Nikolay N (USA)"]
[Result "0-1"]
[WhiteElo "2300"]
[BlackElo "2370"]

1.d4 Nf6 2.c4 e6 3.Nc3 Bb4 4.a3 Bxc3+ 5.bxc3 c5 6.f3 d5 7.cxd5 Nxd5 8.Qd2 f5
9.Nh3 O-O 10.e3 Nc6 11.Rb1 cxd4 12.cxd4 a6 13.Bc4 b5 14.Ba2 Na5 15.O-O Qc7
16.Bb2 Nc4 17.Bxc4 bxc4 18.Rfc1 Bd7 19.e4 Nb6 20.Ba1 Na4 21.Rb4 Rac8 22.Qc2
Nb6 23.d5 exd5 24.Rcb1 Bb5 25.a4 Nxa4 26.Rxa4 Bxa4 27.Qxa4 fxe4 28.fxe4 c3
29.Qd4 dxe4 30.Rc1 Rfd8 31.Qxe4 c2 32.Nf2 Qc5 33.Qe6+ Kh8 34.Qg4 Rc7 35.Bb2
Rf7 36.Rf1 Qxf2+ {#R} 0-1

[Event "Zt"]
[Site "masterchessopen.com Wageningen (Netherlands)"]
[Round "10"]
[White "Szabo Laszlo (HUN)"]
[Black "Teschner Rudolf (GER)"]
[Result "1-0"]
[WhiteElo "1903"]
[BlackElo "2295"]

1.d4 Nf6 2.c4 e6 3.Nc3 Bb4 4.a3 Bxc3+ 5.bxc3 c5 6.f3 d5 7.cxd5 Nxd5 8.dxc5 f5
9.c4 Qf6 10.Bd2 Ne7 11.Rc1 Nbc6 12.f4 O-O 13.Bc3 Qh6 14.e3 Rd8 15.Qc2 e5 16.g3
b6 17.Nf3 e4 18.Nd2 bxc5 19.Nb3 Be6 20.Nxc5 Bf7 21.Be2 Nc8 22.O-O Nd6 23.Na6
Ne8 24.c5 Bh5 25.Rfd1 Bxe2 26.Qxe2 Qe6 27.Nb4 Rxd1+ 28.Rxd1 Rd8 29.Rxd8 Nxd8
30.Qb5 h6 31.Nc2 Nc6 32.Nd4 Nxd4 33.Bxd4 a6 34.Qb4 Kh7 35.Qc3 Qa2 36.Qc1 Nc7
37.Qb2 Qxb2 38.Bxb2 Nd5 39.c6 g5 40.fxg5 hxg5 41.h4 Kg6 {#r} 1-0

[Event "Memorial Stevenson"]
[Site "masterchessopen.com Bognor Regis (England)"]
[Round "3"]
[White "Karaklajic Nikola (SRB)"]
[Black "Gereben Erno (SUI)"]
[Result "1-0"]
[WhiteElo "2303"]
[BlackElo "2320"]

1.d4 Nf6 2.c4 e6 3.Nc3 Bb4 4.a3 Bxc3+ 5.bxc3 c5 6.f3 d5 7.cxd5 exd5 8.e3 Nh5
9.Qc2 Nc6 10.Bd3 c4 11.Bf1 O-O 12.g4 Nf6 13.h3 Na5 14.Rb1 Bd7 15.Be2 Qe8
16.Bd1 Nb3 17.Kf2 Ba4 18.Qf5 Bd7 19.Qe5 Nxc1 20.Rxc1 Be6 21.Ne2 Qc6 22.Bc2
Rae8 23.Qf4 Re7 24.Ng3 Ne8 25.e4 Qc7 26.Qxc7 Nxc7 27.Rb1 b6 28.Rhe1 g6 29.Re3
Bd7 30.Ne2 Bc6 31.Nf4 Rfe8 32.Rbe1 Kf8 33.h4 b5 34.g5 a5 35.exd5 Rxe3 36.Rxe3
Rxe3 37.Kxe3 Nxd5+ 38.Nxd5 Bxd5 39.Be4 Bxe4 40.Kxe4 a4 41.d5 Ke7 42.Kd4 f6
43.Kc5 fxg5 44.hxg5 {#r} 1-0

[Event "It"]
[Site "masterchessopen.com Budapest (Hungary)"]
[Round "0"]
[White "Portisch Lajos (HUN)"]
[Black "Padevsky Nikola (BUL)"]
[Result "1-0"]
[WhiteElo "2523"]
[BlackElo "2355"]

1.c4 Nf6 2.Nc3 e6 3.d4 Bb4 4.f3 d5 5.a3 Bxc3+ 6.bxc3 c5 ( 6...O-O 7.cxd5 exd5
8.e3 Nh5 { !? } 9.g3 b6 { ?/= } ) 7.cxd5 Nxd5 8.Qd2 ( 8.dxc5 Qa5 9.e4 Nf6
10.Be3 O-O 11.Qb3 Nfd7 12.a4 Qc7 13.Qa3 Nc6 { ?/= } ) 8...cxd4 9.cxd4 f5 10.e3
O-O 11.Bd3 Nc6 12.Ne2 Qh4+ { ? } 13.g3 Qh3 14.Bb2 Bd7 ( 14...Qg2 15.Rf1 { ! }
15...Qxh2 16.O-O-O Qh6 17.Nf4 { ? } ) 15.e4 { ! } 15...fxe4 16.fxe4 Nb6 17.Nf4
Qh6 18.Rc1 e5 { ? } ( 18...Rf7 { ? } ) 19.dxe5 Bh3 20.e6 { ! } 20...Bxe6
21.O-O Rad8 22.Qe2 Nd4 23.Qe3 Nb3 24.Rc7 Rd7 25.Rxd7 Nxd7 26.Bc2 { ! } (
26.Qxa7 Nbc5 { ? } ) 26...Nbc5 27.Qd4 Rf7 28.Qd6 Bb3 29.Qxh6 gxh6 30.Bxb3 Nxb3
31.e5 { ! } 31...Re7 32.e6 Nb6 33.Bf6 Re8 34.Rd1 Nc5 35.e7 Ne4 36.Nh5 Kf7
37.Rf1 Kg6 38.Ng7 { ! } 38...Rxe7 39.Bxe7 Kxg7 40.Re1 Nd2 41.Re2 Nf3+ 42.Kg2
Nd4 43.Rd2 Ne6 44.Bd8 Nc4 45.Rd7+ Kf8 46.Be7+ Ke8 47.Rxb7 Na5 48.Rxa7 Nc6
49.Ra6 {#r} 1-0

[Event "It"]
[Site "masterchessopen.com Quilmes (Argentina)"]
[Round "0"]
[White "Sanguinetti Raul (ARG)"]
[Black "Luckis Marcos"]
[Result "1-0"]
[WhiteElo "2485"]
[BlackElo "2270"]

1.d4 Nf6 2.c4 e6 3.Nc3 Bb4 4.a3 Bxc3+ 5.bxc3 c5 6.f3 d5 7.cxd5 exd5 8.e3 O-O
9.Bd3 Nc6 10.Ne2 Re8 11.O-O c4 12.Bb1 Na5 13.Ng3 Nb3 14.Ra2 Bd7 15.e4 Nxc1
16.Qxc1 Be6 17.e5 Nd7 18.f4 g6 19.f5 gxf5 20.Qh6 {#r} 1-0

[Event "Ch Bulgaria"]
[Site "masterchessopen.com Sofia (Bulgaria)"]
[Round "11"]
[White "Hadjipetrov Alexander (BUL)"]
[Black "Kolarov Atanas S (BUL)"]
[Result "0-1"]
[WhiteElo "2290"]
[BlackElo "2415"]

1.d4 Nf6 2.c4 e6 3.Nc3 Bb4 4.a3 Bxc3+ 5.bxc3 c5 6.f3 d5 7.cxd5 Nxd5 8.Qd3 cxd4
9.cxd4 f5 10.e4 Nf6 11.Bg5 h6 12.Bxf6 Qxf6 13.Qc3 O-O 14.e5 Qe7 15.Bc4 Nd7
16.Ne2 Nb6 17.O-O Bd7 18.Rfc1 Rac8 19.Qb3 Nxc4 20.Rxc4 Bc6 21.Qc3 Qg5 22.Rb1
Bxf3 23.Nf4 Rxc4 24.Qxf3 Rfc8 25.h3 Rc1+ 26.Rxc1 Rxc1+ 27.Kh2 Qe7 28.d5 exd5
29.Qxd5+ Kh7 30.e6 Rc5 31.Qd7 Rc7 32.Qd3 Qf6 33.Qd6 Re7 34.Qd8 g5 {#R} 0-1

[Event "It"]
[Site "masterchessopen.com Balatonbereny (Hungary)"]
[Round "9"]
[White "Sliwa Bogdan (POL)"]
[Black "Kluger Gyula (HUN)"]
[Result "0-1"]
[WhiteElo "2235"]
[BlackElo "2250"]

1.c4 Nf6 2.Nc3 e6 3.d4 Bb4 4.a3 Bxc3+ 5.bxc3 c5 6.f3 d5 7.cxd5 Nxd5 8.Qd3 cxd4
9.cxd4 b6 10.e4 Ba6 11.Qb3 Bxf1 12.Kxf1 Ne7 13.Ne2 Nbc6 14.Bb2 O-O 15.Kf2 Na5
16.Qd3 f5 17.Rhe1 Qc7 18.Kg1 Qc4 19.Rad1 Qxd3 20.Rxd3 fxe4 21.fxe4 Nc4 22.Bc1
e5 23.d5 Nd6 24.Ng3 Rac8 25.Bd2 Rc2 26.Bb4 Rff2 27.Ne2 Rf6 28.Bxd6 Rxd6 29.Rc3
Rxc3 30.Nxc3 Rd7 31.Rc1 Kf7 32.Nb5 a6 33.Nc7 Nc8 34.Na8 Rd8 35.Rc7+ Kg8 36.Kf2
Nd6 37.Nxb6 Nxe4+ 38.Ke3 Nf6 39.Rc8 Rxc8 40.Nxc8 Kf7 41.Kd3 Nxd5 42.Kc4 Ke6
43.Kc5 e4 44.Na7 e3 45.Nc6 Nf4 46.Nd4+ Ke5 47.g3 Ne6+ 48.Nxe6 Kxe6 {#R} 0-1

[Event "Ch Argentina"]
[Site "masterchessopen.com Buenos Aires (Argentina)"]
[Round "3"]
[White "Schweber Samuel (ARG)"]
[Black "Eliskases Erich G (AUT)"]
[Result "0-1"]
[WhiteElo "2348"]
[BlackElo "2430"]

1.d4 Nf6 2.c4 e6 3.Nc3 Bb4 4.a3 Bxc3+ 5.bxc3 c5 6.f3 d5 7.cxd5 Nxd5 8.dxc5 f5
9.e4 fxe4 10.Qc2 Qh4+ 11.g3 Qf6 12.Bb2 exf3 13.c4 f2+ 14.Qxf2 Qxf2+ 15.Kxf2
O-O+ 16.Nf3 Ne7 17.Re1 Nd7 18.Rxe6 Nc6 19.Re3 Nxc5 20.Be2 Bg4 21.Rd1 Rae8
22.Rd5 Ne4+ 23.Kg2 Nc3 24.Kf2 Rxe3 25.Kxe3 Re8+ 26.Kd3 Nxe2 27.Nd2 Ng1 28.Ne4
Be2+ 29.Ke3 Bf3 {#R} 0-1

[Event "Olympiad (students) (team)"]
[Site "masterchessopen.com Helsinki (Finland)"]
[Round "6"]
[White "Khodos German (RUS)"]
[Black "Kuijpers Frans A (NED)"]
[Result "1-0"]
[WhiteElo "2200"]
[BlackElo "2280"]

1.d4 Nf6 2.c4 e6 3.Nc3 Bb4 4.a3 Bxc3+ 5.bxc3 c5 6.f3 d5 7.cxd5 Nxd5 8.Qd2 Qa5
9.e4 Qxc3 10.Qxc3 Nxc3 11.dxc5 Na4 12.Be3 Bd7 13.Nh3 Ke7 14.Nf4 Rc8 15.Rc1 a5
16.Kf2 Na6 17.Bxa6 Rxa6 18.Rhd1 Rac6 19.Nd3 f6 20.Rd2 R6c7 21.Rb1 e5 22.g4 Be6
23.g5 Rd8 24.Ke1 Rcd7 25.gxf6+ gxf6 26.Nxe5 fxe5 27.Bg5+ Ke8 28.Bxd8 Kxd8
29.Rxb7 Nxc5 30.Rdxd7+ Bxd7 31.Rb8+ Kc7 32.Rh8 Ne6 33.h4 Nd4 34.Kf2 Kd6
35.Rxh7 Be8 36.h5 Ke6 37.h6 Bf7 38.Rh8 Kf6 39.h7 Kg7 40.Rf8 {#r} 1-0

[Event "Ch Poland"]
[Site "masterchessopen.com Katowice (Poland)"]
[Round "13"]
[White "Sliwa Bogdan (POL)"]
[Black "Kostro Jerzy (POL)"]
[Result "1-0"]
[WhiteElo "2235"]
[BlackElo "2305"]

1.d4 Nf6 2.c4 e6 3.Nc3 Bb4 4.a3 Bxc3+ 5.bxc3 c5 6.f3 d5 7.cxd5 Nxd5 8.Qd3 Nc6
9.e4 Nb6 10.dxc5 Nd7 11.Be3 Qa5 12.Qc4 O-O 13.f4 e5 14.f5 b6 15.cxb6 Bb7
16.Bd3 axb6 17.Ne2 Nd4 18.Nxd4 exd4 19.Bxd4 Ba6 20.Qc7 Bxd3 21.Qg3 g6 22.Qxd3
Nc5 23.Qc2 Qb5 24.Kf2 Rfe8 25.Rhb1 Qc6 26.Kg1 Rxe4 27.Rb4 Qd5 28.fxg6 hxg6
29.Qf2 Rae8 30.Rf1 Nd7 31.Qf3 Qc6 32.h3 f5 33.Qg3 Re2 34.Kh1 Ra2 35.Qh4 Re7
36.Qh8+ Kf7 37.Rbb1 Rxa3 38.Qg7+ Ke8 39.Qh8+ Kf7 40.Qh4 Nc5 41.Rfe1 Rb3
42.Rbd1 Ne4 43.Qh7+ Ke8 44.Qh8+ Kf7 45.Rxe4 Qxe4 46.Qg7+ Ke8 47.Qg8+ Kd7 {#r}
1-0

[Event "Cup Yugoslavia"]
[Site "masterchessopen.com Portoroz (Slovenia)"]
[Round "4"]
[White "Velimirovic Dragoljub (SRB)"]
[Black "Ankerst Marjan (SLO)"]
[Result "1-0"]
[WhiteElo "2407"]
[BlackElo "2210"]

1.c4 Nf6 2.Nc3 e6 3.d4 Bb4 4.a3 Bxc3+ 5.bxc3 c5 6.f3 d5 7.cxd5 Nxd5 8.Qb3 Qb6
9.Qxb6 Nxb6 10.e4 O-O 11.Bb5 cxd4 12.cxd4 Nc6 13.Ne2 Bd7 14.Bd2 Rfd8 15.a4 h6
16.a5 Nc8 17.Ra2 Nd6 18.Bd3 Rac8 19.Kf2 a6 20.Rb1 Na7 21.Rb6 Bc6 22.Nf4 Bb5
23.Bxb5 Naxb5 24.d5 Rb8 25.dxe6 Nc4 26.e7 Rxd2+ 27.Rxd2 Nxd2 28.Rxb7 Re8
29.Rd7 f6 30.Rxd2 Rxe7 31.Rd8+ Kf7 32.Ra8 Ra7 33.Rb8 Rd7 34.Rb6 Rd6 35.Nd5
Rxb6 36.axb6 Nd6 37.Ke3 a5 38.Kd4 Nb7 39.Kc4 Ke6 40.Kb5 Kd7 41.Ka6 {#r} 1-0

[Event "Ch Romania"]
[Site "masterchessopen.com Romania"]
[Round "11"]
[White "Ghitescu Theodor (ROM)"]
[Black "Soos Bela (GER)"]
[Result "1-0"]
[WhiteElo "2384"]
[BlackElo "2281"]

1.d4 Nf6 2.c4 e6 3.Nc3 Bb4 4.f3 d5 5.a3 Bxc3+ 6.bxc3 c5 7.cxd5 Nxd5 8.dxc5 f5
9.e4 fxe4 10.Qc2 O-O 11.fxe4 Nf4 12.Nf3 Nc6 13.Be3 Qa5 14.Bd3 Nxg2+ 15.Qxg2
Qxc3+ 16.Ke2 Rxf3 17.Kxf3 Ne5+ 18.Kg3 Nxd3 19.Qf3 Ne5 20.Qf4 Ng6 21.Qg5 Bd7
22.Rhc1 Qb2 23.Rab1 Qe2 24.Re1 Qc2 25.Rbd1 Be8 26.Rd8 h6 27.Rxe8+ Kh7 28.Qxg6+
Kxg6 29.Rxa8 Qxe4 30.Rf8 Qd3 31.Rf3 Qxa3 32.Bd4 Qb4 33.Rxe6+ Kh5 34.Rf5+ g5
35.Rff6 Qb3+ 36.Be3 {#r} 1-0

[Event "Tournament"]
[Site "masterchessopen.com Scunthorpe (England)"]
[Round "0"]
[White "Richardson Keith B (ENG)"]
[Black "Wade Robert G (ENG)"]
[Result "0-1"]
[WhiteElo "2137"]
[BlackElo "2148"]

1.d4 Nf6 2.c4 e6 3.Nc3 Bb4 4.a3 Bxc3+ 5.bxc3 c5 6.f3 d5 7.cxd5 Nxd5 8.Qd3 cxd4
9.cxd4 b6 10.e4 Ba6 11.Qc2 Bxf1 12.Kxf1 Ne7 13.Ne2 O-O 14.Be3 Nbc6 15.Rc1 Rc8
16.Qa2 Qd7 17.Kf2 f5 18.Nf4 fxe4 19.Nxe6 Rf6 20.Nc5+ Qd5 21.Qxd5+ Nxd5 22.Nxe4
Re6 23.Rhe1 Rd8 24.Bg5 Rde8 25.Rcd1 h6 26.Bc1 Na5 27.Re2 Rc8 28.Bd2 Nc4 29.Bc1
Rec6 30.Ree1 a5 31.Ke2 a4 32.Kd3 Na5 33.Be3 Nb3 34.Re2 Nc3 35.Nxc3 Rxc3+
36.Ke4 Re8+ {#R} 0-1

[Event "?"]
[Site "masterchessopen.com URS"]
[Round "0"]
[White "Tal Mikhail N (LAT)"]
[Black "Barstatis Reinhardas (LTU)"]
[Result "0-1"]
[WhiteElo "2520"]
[BlackElo "2240"]

1.d4 Nf6 2.c4 e6 3.Nc3 Bb4 4.a3 Bxc3+ 5.bxc3 c5 6.f3 d5 7.cxd5 Nxd5 8.Qd2 Qa5
9.Bb2 Nc6 10.e4 Nb6 11.a4 O-O 12.Bd3 Rd8 13.Ne2 Bd7 14.dxc5 Nxa4 15.Bc2 Ne5
16.Qd4 Qb5 17.Ba3 Nc4 18.Bb4 Nab2 19.e5 a5 20.Qe4 axb4 21.Rxa8 Rxa8 22.Qxh7+
Kf8 23.Qh8+ Ke7 24.Qxa8 Ne3 25.Be4 Qxc5 26.Rg1 Ned1 27.Rf1 bxc3 28.Qb8 b5
29.f4 Ne3 30.Qd6+ Qxd6 31.exd6+ Kxd6 32.Rf3 Nbc4 33.Nxc3 f5 34.Ba8 b4 35.Nd1
Nc2+ 36.Kf2 Nd4 37.Rd3 Kc5 38.Rg3 Ba4 39.Ke1 Bxd1 40.Kxd1 b3 41.Rg5 Nb5 42.Rg3
Kb4 43.Rxb3+ Kxb3 {#R} 0-1

[Event "It"]
[Site "masterchessopen.com Warsaw (Poland)"]
[Round "0"]
[White "Sliwa Bogdan (POL)"]
[Black "Lengyel Levente (HUN)"]
[Result "0-1"]
[WhiteElo "2235"]
[BlackElo "2293"]

1.d4 Nf6 2.c4 e6 3.Nc3 Bb4 4.a3 Bxc3+ 5.bxc3 c5 6.f3 d5 7.cxd5 Nxd5 8.Qd3 cxd4
9.cxd4 Nc6 10.e4 Nb6 11.Be3 O-O 12.Nh3 f5 13.Be2 fxe4 14.Qxe4 e5 15.dxe5 Bf5
16.Bg5 Qd4 17.Qxd4 Nxd4 18.Rd1 Nxe2 19.Kxe2 Bxh3 20.gxh3 Rae8 21.Kf2 Rxe5
22.Be3 Nc4 23.Bxa7 Ra5 24.Bd4 Rxa3 25.Rhe1 Rfxf3+ 26.Kg2 Rfd3 27.Bc5 Ra2+
28.Kg1 Nd2 29.Re2 Nf3+ 30.Kf2 Rxe2+ 31.Kxe2 Rxd1 32.Kxd1 Ng5 33.Kc2 Kf7 34.Kd3
Nxh3 35.Be3 h6 36.Kc4 Ke6 37.Kc5 Kf5 38.Kb6 Ng5 39.Kxb7 Nf3 40.h3 Ng5 41.h4
Nf3 {#R} 0-1

[Event "Ch DDR"]
[Site "masterchessopen.com Gera (Germany)"]
[Round "10"]
[White "Moehring Guenther (GER)"]
[Black "Neukirch Detlef (GER)"]
[Result "1-0"]
[WhiteElo "2294"]
[BlackElo "2267"]

1.d4 Nf6 2.c4 e6 3.Nc3 Bb4 4.a3 Bxc3+ 5.bxc3 c5 6.f3 d5 7.cxd5 Nxd5 8.dxc5 Qa5
9.e4 Nxc3 10.Qd2 Nc6 11.Bb2 Na4 12.Qxa5 Nxa5 13.Bxg7 Rg8 14.Bf6 Nxc5 15.Kf2 b6
16.Nh3 Ba6 17.Bxa6 Nxa6 18.Rhd1 Nc5 19.Nf4 Nc6 20.Rd6 Nd7 21.Bh4 Rc8 22.Rc1
Nc5 23.Rcd1 Nb7 24.R6d2 Kf8 25.Bf6 e5 26.Nd5 Rg6 27.g4 Nc5 28.g5 Ne6 29.Rc2
Nc5 30.Rcc1 Nb3 31.Ne7 Nxc1 32.Nxc8 Nb3 33.Rd6 {#r} 1-0

[Event "Olympiad"]
[Site "masterchessopen.com Varna (Bulgaria)"]
[Round "0"]
[White "Wade Robert G (ENG)"]
[Black "Luginbuhl Erwin (SUI)"]
[Result "1-0"]
[WhiteElo "2148"]
[BlackElo "2370"]

1.d4 Nf6 2.c4 e6 3.Nc3 Bb4 4.a3 Bxc3+ 5.bxc3 c5 6.f3 d5 7.cxd5 Nxd5 8.Qd3 Nc6
9.e4 Nb6 10.dxc5 Nd7 11.Be3 Qa5 12.Qc4 O-O 13.Nh3 e5 14.Nf2 Nf6 15.Nd1 Be6
16.Qb5 Rac8 17.Kf2 Qxb5 18.Bxb5 Na5 19.Rb1 Rfd8 20.Nb2 Bb3 21.Ba4 Nd7 22.Bxb3
Nxb3 23.Na4 Ndxc5 24.Nxc5 Nxc5 25.Bxc5 Rxc5 26.Rxb7 Rxc3 27.Rd1 Rdc8 28.Rdd7
Rxa3 29.Rxf7 Rc2+ 30.Kg3 Raa2 31.Rxg7+ Kf8 32.Kh3 {#r} 1-0

[Event "It"]
[Site "masterchessopen.com Vrnjacka Banja (Serbia)"]
[Round "0"]
[White "Bukic Enver (SLO)"]
[Black "Sofrevski Jovan (MKD)"]
[Result "1-0"]
[WhiteElo "2383"]
[BlackElo "2375"]

1.d4 Nf6 2.c4 e6 3.Nc3 Bb4 4.a3 Bxc3+ 5.bxc3 c5 6.f3 d5 7.cxd5 Nxd5 8.dxc5 f5
9.Nh3 Qa5 10.Nf4 Qxc5 11.Nxd5 exd5 12.Qd4 Qxd4 13.cxd4 Nc6 14.e3 Bd7 15.Bd2 f4
16.exf4 Nxd4 17.Rb1 Bc6 18.Bd3 O-O 19.Kf2 Ne6 20.g3 Nc5 21.Be2 Rfe8 22.Rhc1
Ne6 23.f5 Nd8 24.Bc3 Rc8 25.g4 Nf7 26.Bd4 a6 27.Rb6 Nd6 28.Bxa6 Nc4 29.Rxc4
dxc4 30.Bxc4+ Kf8 31.Bc5+ Re7 32.Bd3 Ke8 33.Bxe7 Kxe7 34.Be4 Rc7 35.Ke3 Kd6
36.Rb3 Re7 37.Rd3+ Kc7 38.Kf4 Re8 39.Bxc6 Kxc6 40.g5 {#r} 1-0

[Event "It"]
[Site "masterchessopen.com Zurich (Switzerland)"]
[Round "5"]
[White "Bonne Mark (BEL)"]
[Black "Bernhardt Rolf (GER)"]
[Result "0-1"]
[WhiteElo "2250"]
[BlackElo "2288"]

1.d4 Nf6 2.c4 e6 3.Nc3 Bb4 4.a3 Bxc3+ 5.bxc3 c5 6.f3 d5 7.cxd5 Nxd5 8.dxc5 f5
9.c4 Qf6 10.Rb1 Nc3 11.Bb2 Qh4+ 12.g3 Nxd1 13.gxh4 Nxb2 14.Rxb2 Nd7 15.f4 Nxc5
16.Bg2 Bd7 17.Nh3 Rc8 18.Nf2 Bc6 19.Bxc6+ Rxc6 20.Nd3 b6 21.Ne5 Rc7 22.Rd2 Nd7
23.Nxd7 Rxd7 24.Rxd7 Kxd7 25.Rg1 g6 26.h5 Rg8 27.Kd2 Ke7 28.Kc3 Kf6 29.h4 Rc8
30.hxg6 hxg6 31.Kb3 Rh8 32.Rh1 e5 33.e3 Rd8 34.Kc3 e4 35.Re1 Rd3+ 36.Kb4 Kg7
37.a4 a5+ 38.Kb5 Rb3+ 39.Kc6 Rb4 40.Rc1 Kh6 {#R} 0-1

[Event "Ch DDR"]
[Site "masterchessopen.com Magdeburg (Germany)"]
[Round "1"]
[White "Moehring Guenther (GER)"]
[Black "Liebert Heinz (GER)"]
[Result "0-1"]
[WhiteElo "2294"]
[BlackElo "2247"]

1.d4 Nf6 2.c4 e6 3.Nc3 Bb4 4.f3 c5 5.a3 Bxc3+ 6.bxc3 d5 7.cxd5 Nxd5 8.dxc5 f5
9.e4 fxe4 10.Qc2 Nf6 11.fxe4 Nbd7 12.Nf3 Nxc5 13.e5 Nfe4 14.Be3 Qa5 15.Rb1 Bd7
16.Rb4 Bc6 17.Bc4 O-O 18.O-O h6 19.Nd4 Rxf1+ 20.Bxf1 Bd5 21.Nb5 Rf8 22.Nd6
Qxa3 23.Nxe4 Nxe4 24.Rxe4 Bxe4 25.Qxe4 Qxc3 26.Bf2 Qb2 27.Be3 Rf5 28.Bd3 Qa1+
29.Bb1 Rxe5 30.Qh7+ Kf8 31.Kf2 Qc3 32.Be4 Qc4 33.Kf3 Qf1+ 34.Kg3 Qe2 35.Kf4
Rg5 36.Bf3 e5+ 37.Ke4 Qc4+ {#R} 0-1

[Event "Ch Hungary"]
[Site "masterchessopen.com Budapest (Hungary)"]
[Round "0"]
[White "Barczay Laszlo (HUN)"]
[Black "Bokor Istvan (HUN)"]
[Result "1-0"]
[WhiteElo "2381"]
[BlackElo "2226"]

1.d4 Nf6 2.c4 e6 3.Nc3 Bb4 4.a3 Bxc3+ 5.bxc3 c5 6.f3 d5 7.cxd5 Nxd5 8.dxc5
Qh4+ 9.g3 Qe7 10.e4 Nc7 11.Qd6 Nc6 12.f4 O-O 13.Nf3 Rd8 14.Qxe7 Nxe7 15.Ne5 f6
16.Nc4 Bd7 17.Bg2 Bc6 18.Na5 Rd3 19.Bd2 Rad8 20.Nxc6 Nxc6 21.O-O-O Na5 22.Kc2
Nb5 23.Bc1 Rxc3+ 24.Kb1 Rb3+ 25.Ka1 Rc8 26.Bh3 f5 27.exf5 Nc3 28.Bb2 Nxd1
29.Rxd1 Nc4 30.f6 Re8 31.Rd8 {#r} 1-0

[Event "Ch Europe (team)"]
[Site "masterchessopen.com Hamburg (Germany)"]
[Round "0"]
[White "Gheorghiu Florin (ROM)"]
[Black "Unzicker Wolfgang (GER)"]
[Result "1-0"]
[WhiteElo "2383"]
[BlackElo "2433"]

1.d4 Nf6 2.c4 e6 3.Nc3 Bb4 4.f3 d5 5.a3 Bxc3+ 6.bxc3 c5 7.cxd5 Nxd5 8.dxc5 f5
9.Qc2 Qa5 10.e4 fxe4 11.fxe4 Qxc3+ 12.Qxc3 Nxc3 13.Bd3 Nd7 14.Be3 Ne5 15.Bc2
Nc4 16.Bd2 Nxd2 17.Kxd2 Nb5 18.Nf3 Bd7 19.Bd3 O-O-O 20.a4 Nc7 21.Ne5 Rhf8
22.Ke3 Rde8 23.Rhb1 Re7 24.Bb5 Be8 25.c6 bxc6 26.Be2 Rf5 27.exf5 exf5 28.Kf4
Nd5+ 29.Kxf5 g6+ 30.Ke4 Nc3+ 31.Kd3 Nxe2 32.Kxe2 Rxe5+ 33.Kf2 c5 34.Re1 Rxe1
35.Rxe1 Bxa4 36.Ra1 {#r} 1-0

[Event "Olympiad (students) (team)"]
[Site "masterchessopen.com Sinaya (Romania)"]
[Round "2"]
[White "Khodos German (RUS)"]
[Black "Polgar Istvan (HUN)"]
[Result "1-0"]
[WhiteElo "2200"]
[BlackElo "2425"]

1.d4 Nf6 2.c4 e6 3.Nc3 Bb4 4.a3 Bxc3+ 5.bxc3 c5 6.f3 d5 7.cxd5 Nxd5 8.Qd2 f5
9.e3 Nc6 10.c4 Nf6 11.Bb2 O-O 12.Nh3 Bd7 13.Be2 Na5 14.Rb1 Rc8 15.Bc3 cxd4
16.Bxa5 dxe3 17.Qc3 Nd5 18.cxd5 Qh4+ 19.g3 Qxh3 20.Qxe3 f4 21.gxf4 Qh4+ 22.Qf2
Qxf4 23.Bd2 Qf6 24.O-O exd5 25.Rxb7 Bc6 26.Rb4 d4 27.Rxd4 Rce8 28.Rf4 Qg5+
29.Rg4 Qf6 30.Bb4 {#r} 1-0

[Event "It \"]
[Site "masterchessopen.com Kislovodsk (Russia)"]
[Round "0"]
[White "Taimanov Mark E (RUS)"]
[Black "Hamann Svend (DEN)"]
[Result "1-0"]
[WhiteElo "2386"]
[BlackElo "2298"]

1.d4 Nf6 2.c4 e6 3.Nc3 Bb4 4.f3 c5 5.a3 Bxc3+ 6.bxc3 d5 7.cxd5 Nxd5 8.Qd3 O-O
9.e4 Nb6 10.Be3 cxd4 11.cxd4 Nc6 12.Be2 f5 13.Rd1 Kh8 14.Nh3 fxe4 15.Qxe4 Nd5
16.Ng5 g6 17.Qh4 Qe7 18.Bd2 Qg7 19.Ne4 h5 20.Bc4 Nxd4 21.Bxd5 Nc2+ 22.Kf2 exd5
23.Bc3 d4 24.Rxd4 Nxd4 25.Rd1 Kh7 26.Bxd4 Qc7 27.Nf6+ Kh6 28.Re1 Qc2+ 29.Re2
Qf5 30.g4 Qd3 31.g5+ Kg7 32.Re7+ Rf7 33.Nd7+ {#r} 1-0

[Event "Tournament"]
[Site "masterchessopen.com Tukums (Latvia)"]
[Round "0"]
[White "Gipslis Aivars (LAT)"]
[Black "Vitolins Alvis (LAT)"]
[Result "1-0"]
[WhiteElo "2429"]
[BlackElo "2435"]

1.d4 Nf6 2.c4 e6 3.Nc3 Bb4 4.a3 Bxc3+ 5.bxc3 c5 6.f3 d5 7.cxd5 Nxd5 8.dxc5 f5
9.Qc2 f4 10.Bxf4 Nxf4 11.Qa4+ Nc6 12.Qxf4 e5 13.Qe3 O-O 14.g3 Qa5 15.Bh3 e4
16.f4 Ne7 17.Qd4 Rd8 18.Qb4 Qc7 19.Bg2 Nd5 20.Qxe4 Qxc5 21.Qd4 Qxd4 22.cxd4
Ne3 23.Kf2 Ng4+ 24.Kf3 Rxd4 25.h3 Nf6 26.Ke3 Rd8 27.Nf3 Re8+ 28.Ne5 Nd7
29.Bd5+ Kh8 30.Kd4 Nxe5 31.fxe5 Be6 32.e4 Re7 33.Rab1 Rd8 34.Rb5 b6 35.h4 Kg8
36.Rc1 Rde8 37.Rc6 Kf7 38.a4 Kf8 39.a5 Bxd5 40.exd5 Rxe5 41.axb6 axb6 42.Rcxb6
g5 43.h5 g4 44.d6 Re4+ 45.Kd5 Re1 46.Rb4 Rd1+ 47.Kc6 Re5 48.R6b5 Rc1+ 49.Kd7
{#r} 1-0

[Event "Olympiad (w)"]
[Site "masterchessopen.com Oberhausen (Germany)"]
[Round "3"]
[White "Bellin Jana (ENG)"]
[Black "Norman Dinah M (ENG)"]
[Result "1-0"]
[WhiteElo "2133"]
[BlackElo "1902"]

1.d4 e6 2.c4 Nf6 3.Nc3 Bb4 4.a3 Bxc3+ 5.bxc3 c5 6.f3 d5 7.cxd5 exd5 8.Qc2 O-O
9.Bg5 Re8 10.dxc5 Nbd7 11.c4 Qa5+ 12.Qd2 Qxc5 13.cxd5 Qxd5 14.e4 Qe5 15.Rc1
Nb6 16.Ne2 Be6 17.Bf4 Qh5 18.Ng3 Qg6 19.Bb5 Nfd7 20.O-O Rac8 21.Rfd1 a6
22.Rxc8 Rxc8 23.Bd3 f6 24.e5 f5 25.Rb1 Qf7 26.Be3 Rc6 27.f4 g6 28.Ne2 Nc4
29.Bxc4 Rxc4 30.Rxb7 Bd5 31.Rb4 Rxb4 32.Qxb4 Be4 33.Nc3 Bd5 34.Qd6 Bc4 35.Bd4
Qe6 36.Qc7 Nf8 37.Bc5 Qd7 38.Qb8 Qf7 39.Kf2 Kg7 40.Qxf8+ Qxf8 41.Bxf8+ Kxf8
42.Ke3 Ke7 43.Kd4 Bf7 44.g3 Ke6 45.Na4 h6 46.Nc5+ {#r} 1-0